Coral Reefs in the Anthropocene

This volume investigates the effects of human activities on coral reefs, which provide important life-supporting systems to surrounding natural and human communities. It examines the self-reinforcing ecological, economic, and technological mechanisms that degrade coral reef ecosystems around the wor...

Full description

Bibliographic Details
Corporate Author: SpringerLink (Online service)
Other Authors: Birkeland, Charles (Editor)
Format: Electronic eBook
Language:English
Published: Dordrecht : Springer Netherlands : Imprint: Springer, 2015.
Edition:1st ed. 2015.
Subjects:
Online Access:Full Text via HEAL-Link
LEADER 03755nam a22005055i 4500
001 978-94-017-7249-5
003 DE-He213
005 20160428142720.0
007 cr nn 008mamaa
008 151103s2015 ne | s |||| 0|eng d
020 |a 9789401772495  |9 978-94-017-7249-5 
024 7 |a 10.1007/978-94-017-7249-5  |2 doi 
040 |d GrThAP 
050 4 |a QH75-77 
072 7 |a RNK  |2 bicssc 
072 7 |a NAT011000  |2 bisacsh 
082 0 4 |a 577  |2 23 
245 1 0 |a Coral Reefs in the Anthropocene  |h [electronic resource] /  |c edited by Charles Birkeland. 
250 |a 1st ed. 2015. 
264 1 |a Dordrecht :  |b Springer Netherlands :  |b Imprint: Springer,  |c 2015. 
300 |a XV, 271 p. 95 illus., 43 illus. in color.  |b online resource. 
336 |a text  |b txt  |2 rdacontent 
337 |a computer  |b c  |2 rdamedia 
338 |a online resource  |b cr  |2 rdacarrier 
347 |a text file  |b PDF  |2 rda 
505 0 |a 1. Coral reefs in the Anthropocene -- 2 Reefs and limestones in Earth history -- 3. Reef biology and geology – not just a matter of scale -- 4. Bio erosion and coral reef growth: a dynamic balance -- 5. Interactions between corals and their symbiotic algae -- 6. Exploring coral reefs using the tools of molecular genetics -- 7. Genomic potential for coral survival of climate change -- 8. Diseases of coral reef organisms -- 9. Geographic Differences in Ecological Processes on Coral Reefs -- 10. Reef fishes, seaweeds and corals: a complex triangle -- 11. Coral disturbance and recovery in a changing world -- 12. Biology trumps management: feedbacks and constraints of life-history traits. . 
520 |a This volume investigates the effects of human activities on coral reefs, which provide important life-supporting systems to surrounding natural and human communities. It examines the self-reinforcing ecological, economic, and technological mechanisms that degrade coral reef ecosystems around the world. Topics include reefs and limestones in Earth history; the interactions between corals and their symbiotic algae; diseases of coral reef organisms; the complex triangle between reef fishes, seaweeds, and corals; coral disturbance and recovery in a changing world. In addition, the authors take key recent advances in DNA studies into account which provides new insights into the population biology, patterns of species distributions, recent evolution, and vulnerabilities to environmental stresses. These DNA analyses also provide new understandings of the limitations of coral responses and scales of management necessary to sustain coral reefs in their present states. Coral reefs have been essential sources of food, income, and resources to humans for millennia. This book details the delicate balance that exists within these ecosystems at all scales, from geologic time to cellular interactions, and explores how recent global and local changes influence this relationship. It will serve as an indispensable resource for all those interested in learning how human activities have affected this vital ecosystem around the world. 
650 0 |a Life sciences. 
650 0 |a Ecosystems. 
650 0 |a Aquatic ecology. 
650 0 |a Conservation biology. 
650 0 |a Ecology. 
650 0 |a Evolutionary biology. 
650 1 4 |a Life Sciences. 
650 2 4 |a Conservation Biology/Ecology. 
650 2 4 |a Freshwater & Marine Ecology. 
650 2 4 |a Ecosystems. 
650 2 4 |a Evolutionary Biology. 
700 1 |a Birkeland, Charles.  |e editor. 
710 2 |a SpringerLink (Online service) 
773 0 |t Springer eBooks 
776 0 8 |i Printed edition:  |z 9789401772488 
856 4 0 |u http://dx.doi.org/10.1007/978-94-017-7249-5  |z Full Text via HEAL-Link 
912 |a ZDB-2-SBL 
950 |a Biomedical and Life Sciences (Springer-11642)